|
|
|
|
| LEADER |
00919nam a2200229 i 4500 |
| 001 |
publ29789 |
| 005 |
20240306130154.0 |
| 008 |
240306s2017 hu o 0|| hun d |
| 020 |
|
|
|a 9789633065716
|
| 024 |
7 |
|
|a 3350224
|2 mtmt
|
| 040 |
|
|
|a SZTE Publicatio Repozitórium
|b hun
|
| 041 |
|
|
|a hun
|
| 041 |
|
|
|a eng
|
| 100 |
1 |
|
|a Tolnai József
|
| 245 |
1 |
0 |
|a Szegedi Tudományegyetem Általános Orvostudományi Kar, Fogorvostudományi Kar, Gyógyszertudományi Kar és Egészségtudományi és Szociális Képzési Kar 2017. Évi Tudományos Diákköri Konferenciája
|h [elektronikus dokumentum] :
|b 2017. november 15-17., Szeged /
|c Tolnai József
|
| 260 |
|
|
|a SZTE
|b Szeged
|c 2017
|
| 300 |
|
|
|a 256
|
| 650 |
|
4 |
|a Klinikai orvostan
|
| 700 |
0 |
1 |
|a Peták Ferenc
|e aut
|
| 700 |
0 |
1 |
|a Südy Roberta
|e aut
|
| 700 |
0 |
1 |
|a Rakonczay Zoltán
|e aut
|
| 856 |
4 |
0 |
|u http://publicatio.bibl.u-szeged.hu/29789/1/tdk_2017_kiadvany.pdf
|z Dokumentum-elérés
|